000
00225nam a22000977a 4500
999
_c
519489
_d
519489
082
_a
TNC T1 C733
245
_a
Compassionate economy
260
_a
New Delhi
_b
Tibet House
_c
2005
300
_a
107p
650
_a
Economics
_9
30561